Vyaktitva vikasana (Record no. 143014)

MARC details
000 -LEADER
fixed length control field 00568nam a2200205Ia 4500
003 - CONTROL NUMBER IDENTIFIER
control field OSt
005 - DATE AND TIME OF LATEST TRANSACTION
control field 20251009092116.0
008 - FIXED-LENGTH DATA ELEMENTS--GENERAL INFORMATION
fixed length control field 210210b2000 xxu||||| |||| 00| 0 eng d
040 ## - CATALOGING SOURCE
Transcribing agency AL
041 ## - LANGUAGE CODE
Language code of text/sound track or separate title Sanskrit
082 ## - DEWEY DECIMAL CLASSIFICATION NUMBER
Classification number S891.8K BHAV
100 ## - MAIN ENTRY--PERSONAL NAME
Personal name Bhat G N Ed
9 (RLIN) 241346
245 ## - TITLE STATEMENT
Title Vyaktitva vikasana
Remainder of title : bharatiya drashti
260 ## - PUBLICATION, DISTRIBUTION, ETC.
Place of publication, distribution, etc. Mangaluru
Name of publisher, distributor, etc. Center for Inter-disciplinary Studies and Research in Sanskrit
Date of publication, distribution, etc. 2000
300 ## - PHYSICAL DESCRIPTION
Extent viii,68p
650 ## - SUBJECT ADDED ENTRY--TOPICAL TERM
Topical term or geographic name entry element Vyaktitva
9 (RLIN) 241347
690 ## - LOCAL SUBJECT ADDED ENTRY--TOPICAL TERM (OCLC, RLIN)
Topical term or geographic name as entry element Sanskrit Miscellaneous
9 (RLIN) 241351
906 ## - LOCAL DATA ELEMENT F, LDF (RLIN)
a 065505
942 ## - ADDED ENTRY ELEMENTS (KOHA)
Source of classification or shelving scheme Dewey Decimal Classification
Koha item type Book
Holdings
Withdrawn status Lost status Damaged status Not for loan Collection code Home library Current library Shelving location Date acquired Source of acquisition Cost, normal purchase price Total Checkouts Full call number Barcode Date last seen Price effective from Koha item type
        Sanskrit St Aloysius Library St Aloysius Library   02/17/2021 Akhila Karnataka Samskrita Parishad, Karangalpady, Mangalore-3 30.00   S891.8K BHAV 065505 02/17/2021 02/17/2021 Book